| 000 | 00818nam a22001817a 4500 | ||
|---|---|---|---|
| 005 | 20231106142348.0 | ||
| 010 | _aHIN-126257 | ||
| 020 |
_a 9788195090129 _c 495.00 |
||
| 035 | _aHN-98603 | ||
| 037 | _bDBAD/PUB | ||
| 082 | _a 824 | ||
| 100 |
_a निशा नंदिनी भारतीय _958214 |
||
| 245 |
_aकराग्रे वसते लक्ष्मी / _c निशा नंदिनी भारतीय |
||
| 260 |
_a नई दिल्ली _b लिटरेचर लैंड _c 2021 |
||
| 270 |
_a एन-3/5 , मोहन गार्डन , गुरुद्वारा रोड , उतम नगर _b नई दिल्ली _e 110059 |
||
| 300 |
_a 111 पृष्ठ _c 22 ( सजिल्द) |
||
| 942 |
_cHN _h824 _2ddc _m निशान |
||
| 999 |
_c198966 _d198966 |
||